[Event "FSS KM Mester"]
[Site "?"]
[Date "2006.02.15"]
[Round "5"]
[White "Nilsen, Kai (FSS)"]
[Black "Bjørnland, Svein Arne (FSS)"]
[Result "1-0"]
[WhiteElo "1537"]
[BlackElo "1830"]
[PlyCount "65"]

1. e4 c6 2. d4 d5 3. exd5 cxd5 4. Nf3 Nf6 5. c3 Nc6 6. Bg5 e6 7. Bd3 Bd6 8. Qc2
h6 9. Bh4 Bd7 10. Nbd2 Rc8 11. Bb5 Qc7 12. Bxc6 Bxc6 13. Bg3 Bxg3 14. hxg3 Nd7
15. Kf1 a5 16. Re1 O-O 17. Ne5 Bb5+ 18. Kg1 Nxe5 19. Rxe5 Rce8 20. Nf3 f6 21.
Reh5 Re7 22. Nh4 Be8 23. Ng6 Bxg6 24. Qxg6 Kh8 25. Qd3 b6 26. b3 f5 27. R1h4
Rc8 28. Qd2 Qxc3 29. Rxh6+ Kg8 30. Rh8+ Kf7 31. Qe2 Qc1+ 32. Kh2 Qg5 33. Rxc8
1-0

[Event "FSS KM Mester"]
[Site "?"]
[Date "2006.03.15"]
[Round "5"]
[White "Dogani, Avduraim (FSS)"]
[Black "Lømo, Markus (FSS)"]
[Result "0-1"]
[WhiteElo "1784"]
[BlackElo "1782"]
[PlyCount "84"]

1. e4 c5 2. Nf3 d6 3. d4 cxd4 4. Nxd4 Nf6 5. f3 a6 6. Nc3 e5 7. Nb3 Be6 8. Be3
Be7 9. Qd2 Nbd7 10. Be2 Qc7 11. g4 Nb6 12. a4 Nc4 13. Bxc4 Qxc4 14. a5 d5 15.
g5 d4 16. gxf6 dxc3 17. bxc3 Bxf6 18. O-O-O Rd8 19. Qe1 Rxd1+ 20. Kxd1 O-O 21.
Kc1 Be7 22. Kb2 Rc8 23. Qd2 Qb5 24. Bb6 h6 25. Rg1 Bg5 26. Qd3 Qc6 27. Rd1 Bc4
28. Qd7 Be2 29. Qxc6 bxc6 30. Rd7 Bxf3 31. Nc5 Ra8 32. Rc7 Bf4 33. h3 Bg2 34.
Rxc6 Bxh3 35. Bc7 Bf1 36. Nd7 Bb5 37. Rd6 Ra7 38. Nxe5 Rxc7 39. Rd8+ Kh7 40.
Nd3 Bd2 41. e5 Bxc3+ 42. Kb3 Bxa5 0-1

[Event "FSS KM Mester"]
[Site "?"]
[Date "2006.04.12"]
[Round "5"]
[White "Andersen, Harry (FSS)"]
[Black "Larsen, Bjørn (FSS)"]
[Result "1/2-1/2"]
[WhiteElo "1774"]
[BlackElo "1528"]
[PlyCount "130"]

1. e4 d5 2. exd5 Nf6 3. Bb5+ Bd7 4. Bc4 Bg4 5. f3 Bf5 6. Nc3 Nbd7 7. Qe2 Nb6 8.
Bb3 Nbxd5 9. Nxd5 Nxd5 10. Qb5+ c6 11. Qxb7 Qc8 12. Qxc8+ Rxc8 13. Ne2 e5 14.
Ng3 Bg6 15. O-O Bc5+ 16. Kh1 O-O 17. Ne4 Bb6 18. Nd6 Rc7 19. a4 Rd7 20. Nc4 Bc7
21. Re1 f6 22. d3 Rb8 23. a5 Bxd3 24. Ne3 Bg6 25. Nxd5 cxd5 26. Rd1 Bf7 27. Ba4
Rd6 28. b4 Be8 29. Bb3 Bf7 30. Ba3 Rdd8 31. Ba4 d4 32. Bc6 Bc4 33. Rab1 a6 34.
Be4 g6 35. g4 Kf7 36. h4 Ke6 37. Bd3 Bxd3 38. Rxd3 Bxa5 39. Rdb3 Bc7 40. Kg2
Rb5 41. c4 Rb7 42. b5 axb5 43. cxb5 Bd6 44. Bc1 Rc8 45. Ba3 Rc2+ 46. Kg3 Bxa3
47. Rxa3 Rc8 48. Ra6+ Ke7 49. g5 fxg5 50. hxg5 Rcb8 51. Rh1 Kf8 52. Re6 Re8 53.
Rd6 Ree7 54. b6 Kg7 55. Rc1 Kf7 56. Rc8 d3 57. Rcd8 d2 58. Rf6+ Kg7 59. Rxd2 h6
60. Rc6 hxg5 61. Rdc2 Kf7 62. Rd6 e4 63. fxe4 Rxe4 64. Rc7+ Rxc7 65. bxc7 Rc4
1/2-1/2

[Event "FSS KM Mester"]
[Site "?"]
[Date "2006.04.12"]
[Round "6"]
[White "Talat, Hogir (FSS)"]
[Black "Bjørnland, Svein Arne (FSS)"]
[Result "0-1"]
[WhiteElo "1560"]
[BlackElo "1830"]
[PlyCount "76"]

1. e4 Nf6 2. Nc3 e5 3. Bc4 Nxe4 4. Nxe4 d5 5. Qh5 dxc4 6. Qxe5+ Qe7 7. Qxe7+
Bxe7 8. Nf3 Nc6 9. a3 Bf5 10. d3 cxd3 11. cxd3 O-O-O 12. O-O Rxd3 13. Ng3 Bg6
14. b4 Bf6 15. Ra2 Rhd8 16. Be3 a6 17. Ne2 Rd1 18. Nf4 Bb1 19. Rd2 R8xd2 20.
Bxd2 Rxf1+ 21. Kxf1 Bc2 22. Ne1 Bb3 23. Bc1 Bc4+ 24. Kg1 Nd4 25. Nf3 Nxf3+ 26.
gxf3 Kd7 27. Nh5 Bc3 28. Ng3 Kc6 29. Ne4 Bd4 30. a4 Bb3 31. a5 Bd5 32. Bd2 Bxe4
33. fxe4 Kb5 34. Kf1 Be5 35. f4 Bd6 36. e5 Bxb4 37. Bxb4 Kxb4 38. Ke2 Kc4 0-1

[Event "FSS KM Mester"]
[Site "?"]
[Date "2006.04.12"]
[Round "6"]
[White "Lømo, Markus (FSS)"]
[Black "Bøe, Timmy (FSS)"]
[Result "1-0"]
[WhiteElo "1782"]
[BlackElo "1565"]
[PlyCount "63"]

1. e4 e5 2. Nf3 Nc6 3. Bc4 Bc5 4. c3 Nf6 5. d3 d6 6. Nbd2 O-O 7. O-O Bg4 8. h3
Bh5 9. b4 Bb6 10. Bb3 a5 11. b5 Nb8 12. Nc4 Bc5 13. Ne3 c6 14. a4 Re8 15. g4
Bxe3 16. fxe3 Bg6 17. Nh4 d5 18. Nxg6 hxg6 19. exd5 cxd5 20. Qf3 Re7 21. e4
dxe4 22. dxe4 Qe8 23. h4 b6 24. h5 gxh5 25. g5 Ng4 26. g6 Nf6 27. Ra2 Raa7 28.
Rh2 Qd7 29. Rxh5 Qg4+ 30. Qxg4 Nxg4 31. gxf7+ Rxf7 32. Rg5 1-0

[Event "FSS KM Mester"]
[Site "?"]
[Date "2006.03.01"]
[Round "6"]
[White "Sæther, Lars (FSS)"]
[Black "Nilsen, Kai (FSS)"]
[Result "1-0"]
[WhiteElo "1599"]
[BlackElo "1537"]
[PlyCount "69"]

1. d4 d5 2. Nf3 Nf6 3. c4 e6 4. Nc3 c6 5. e3 Nbd7 6. Bd3 Be7 7. O-O O-O 8. Re1
dxc4 9. Bxc4 b5 10. Bd3 Bb7 11. e4 b4 12. Ne2 c5 13. Ng3 cxd4 14. e5 Nd5 15.
Nxd4 g6 16. Bh6 Re8 17. Rc1 Bg5 18. Bxg5 Qxg5 19. Nf3 Qe7 20. Ne4 Rec8 21. Qd2
Nc5 22. Nd6 Rc7 23. Bb1 f6 24. Nxb7 Rxb7 25. exf6 Nxf6 26. Qe3 Rc7 27. Qf4 Nd5
28. Qg4 Rac8 29. Rcd1 Qf6 30. Nd4 Re8 31. Rc1 Rec8 32. Nb5 Nd3 33. Nxc7 Rxc7
34. Bxd3 Rxc1 35. Rxc1 1-0

[Event "FSS KM Mester"]
[Site "?"]
[Date "2006.03.01"]
[Round "6"]
[White "Ludvigsen, Jan (FSS)"]
[Black "Dogani, Avduraim (FSS)"]
[Result "0-1"]
[WhiteElo "1643"]
[BlackElo "1784"]
[PlyCount "80"]

1. e4 e5 2. f4 d5 3. exd5 Nf6 4. Bb5+ c6 5. dxc6 bxc6 6. fxe5 Ne4 7. Qf3 Ng5 8.
Bxc6+ Nxc6 9. Qxc6+ Bd7 10. Qc4 Rc8 11. Qe2 Rxc2 12. Nc3 Qb6 13. Qd3 Bc5 14.
Nge2 Bf2+ 15. Kd1 Rxc3 16. Nxc3 Bg4+ 17. Kc2 O-O 18. Rf1 g6 19. Qc4 Bf5+ 20. d3
Ne6 21. Kd1 Rd8 22. Nd5 Rxd5 23. Qxd5 Bg4+ 24. Kc2 Nd4+ 25. Kb1 Be2 26. Qc4 Qc6
27. Be3 Qxc4 28. dxc4 Bd3+ 29. Kc1 Bxe3+ 30. Kd1 Bxf1 31. b3 Bxg2 32. Rb1 Be4
33. Rb2 Kf8 34. Ke1 Ke7 35. a3 Ke6 36. b4 Kxe5 37. c5 Bc6 38. Kf1 Ke4 39. Ke1
f5 40. Ra2 Ba4 0-1

[Event "FSS KM Mester"]
[Site "?"]
[Date "2006.03.01"]
[Round "6"]
[White "Larsen, Bjørn (FSS)"]
[Black "Sæther, Steinar (FSS)"]
[Result "1/2-1/2"]
[WhiteElo "1528"]
[BlackElo "1636"]
[PlyCount "59"]

1. e4 d5 2. exd5 Nf6 3. Bb5+ Bd7 4. Bc4 Bg4 5. f3 Bf5 6. Nc3 Nbd7 7. g4 Nb6 8.
Bb5+ Bd7 9. Qe2 Nfxd5 10. Nxd5 Nxd5 11. d4 c6 12. Bd3 Qc7 13. Qe5 O-O-O 14.
Qxc7+ Nxc7 15. Ne2 h5 16. g5 h4 17. Bd2 g6 18. O-O-O Bg7 19. a3 Rhe8 20. Be1
Rh8 21. Bf2 Kb8 22. Rhe1 e5 23. dxe5 Bxe5 24. f4 Bg7 25. Rg1 b6 26. Bc4 Ne6 27.
Rd2 Kc7 28. Rgd1 h3 29. Bg3 Kc8 30. Bf2 1/2-1/2

[Event "FSS KM Mester"]
[Site "?"]
[Date "2006.03.08"]
[Round "7"]
[White "Sæther, Steinar (FSS)"]
[Black "Jensen, Arne-Roger"]
[Result "0-1"]
[WhiteElo "1636"]
[BlackElo "1878"]
[PlyCount "74"]

1. e4 c5 2. Nc3 Nc6 3. g3 g6 4. Bg2 Bg7 5. Nge2 e6 6. d3 Nge7 7. O-O O-O 8. Bf4
d5 9. Qc1 Nd4 10. Nxd4 cxd4 11. Ne2 dxe4 12. Bxe4 e5 13. Bh6 Bh3 14. Bxg7 Kxg7
15. Re1 Nc6 16. Qd2 Rc8 17. Kh1 h5 18. Ng1 Bd7 19. h4 Qb6 20. c3 f6 21. c4 Ne7
22. b4 Bc6 23. a4 Bxe4+ 24. Rxe4 Nf5 25. a5 Qc6 26. b5 Qc5 27. a6 b6 28. Kh2
Rf7 29. Rae1 Nd6 30. R4e2 e4 31. dxe4 Nxc4 32. Qd3 Ne5 33. Qb3 d3 34. Rd2 Qd4
35. Red1 Rc3 36. Qe6 Qxe4 37. Qd6 Ng4+ 0-1

[Event "FSS KM Mester"]
[Site "?"]
[Date "2006.03.08"]
[Round "7"]
[White "Bjørnland, Svein Arne (FSS)"]
[Black "Sæther, Lars (FSS)"]
[Result "0-1"]
[WhiteElo "1830"]
[BlackElo "1599"]
[PlyCount "30"]

1. d4 f5 2. g4 d5 3. Nc3 Nc6 4. Bg2 fxg4 5. Nxd5 Nf6 6. e4 e5 7. Nxf6+ Qxf6 8.
dxe5 Nxe5 9. Be3 Be6 10. Qd4 Rd8 11. Qxa7 Bb4+ 12. Kf1 Bc4+ 13. Ne2 Ba6 14. h4
O-O 15. Bg5 Qc6 0-1

[Event "FSS KM Mester"]
[Site "?"]
[Date "2006.03.08"]
[Round "7"]
[White "Bøe, Timmy (FSS)"]
[Black "Ludvigsen, Jan (FSS)"]
[Result "0-1"]
[WhiteElo "1565"]
[BlackElo "1643"]
[PlyCount "102"]

1. e4 e5 2. Nf3 Nc6 3. Bb5 a6 4. Ba4 f5 5. Nc3 b5 6. Bb3 b4 7. Bxg8 bxc3 8. Bd5
fxe4 9. Nxe5 Qg5 10. d4 Qxg2 11. Qh5+ g6 12. Bf7+ Kd8 13. Qg5+ Qxg5 14. Bxg5+
Be7 15. Bxe7+ Nxe7 16. Bb3 cxb2 17. Rb1 Rf8 18. Rxb2 Bb7 19. Rg1 Nf5 20. Ba4
Bc8 21. c3 Nh4 22. Rg4 Nf3+ 23. Ke2 d5 24. Nc6+ Kd7 25. Na7+ Kd6 26. Nxc8+
Raxc8 27. h3 Rb8 28. Rxb8 Rxb8 29. Bb3 a5 30. Ke3 c5 31. dxc5+ Kxc5 32. Rf4 Rb6
33. Rf7 h5 34. Rd7 Rd6 35. Ra7 Kb6 36. Rg7 Ng5 37. h4 Nf3 38. Kf4 Nxh4 39. Ke5
Nf5 40. Rxg6 Rxg6 41. Kxf5 Rc6 42. Bxd5 Rc5 43. Kxe4 Rxc3 44. f4 h4 45. Kd4 Rc1
46. Be6 Kc7 47. Ke5 Kd8 48. f5 h3 49. f6 Re1+ 50. Kd6 Rxe6+ 51. Kxe6 Ke8 0-1

[Event "FSS KM Mester"]
[Site "?"]
[Date "2006.03.08"]
[Round "7"]
[White "Andersen, Harry (FSS)"]
[Black "Jansson, Helge (FSS)"]
[Result "1-0"]
[WhiteElo "1774"]
[BlackElo "1360"]
[PlyCount "54"]

1. e4 d6 2. d4 e5 3. dxe5 dxe5 4. Qxd8+ Kxd8 5. Nf3 Bd6 6. Nbd2 Be6 7. Nc4 Nd7
8. Be3 Ngf6 9. O-O-O Ke7 10. Ng5 h6 11. Nxe6 fxe6 12. f3 a6 13. g3 Rhf8 14. Bg2
a5 15. f4 b5 16. fxe5 Nxe5 17. Nxe5 Bxe5 18. Bc5+ Bd6 19. Bxd6+ cxd6 20. e5 Nd5
21. Bxd5 exd5 22. Rxd5 Rf2 23. exd6+ Kd7 24. Re1 Re8 25. Rxe8 Kxe8 26. Rxb5 Kd7
27. Rxa5 Kxd6 1-0

[Event "FSS KM Mester"]
[Site "?"]
[Date "2006.03.08"]
[Round "7"]
[White "Dogani, Avduraim (FSS)"]
[Black "Talat, Hogir (FSS)"]
[Result "1-0"]
[WhiteElo "1784"]
[BlackElo "1560"]
[PlyCount "97"]

1. e4 Nc6 2. d4 e5 3. d5 Nce7 4. c4 Ng6 5. Nf3 Nf6 6. Bd3 d6 7. h3 Be7 8. Nbd2
Nf4 9. Bf1 O-O 10. g3 Ng6 11. Bd3 Ne8 12. g4 Nf4 13. Nf1 Ng2+ 14. Ke2 Nh4 15.
Ng3 g6 16. Rg1 Nxf3 17. Kxf3 Bg5 18. Nf5 Kh8 19. Ng3 Ng7 20. Kg2 Qf6 21. f3 Bd7
22. Rh1 Bh4 23. Ne2 g5 24. Be3 Rg8 25. Qd2 h6 26. Raf1 Qg6 27. Ng3 Raf8 28. Nf5
Bxf5 29. exf5 Qf6 30. Qc3 Ne8 31. Be4 h5 32. Rc1 b6 33. b4 Ng7 34. a4 Rc8 35.
Ra1 Ra8 36. a5 Rgc8 37. Ra3 Qd8 38. Rha1 Ne8 39. c5 f6 40. c6 Rcb8 41. R1a2 Rc8
42. Qa1 Rab8 43. Bd3 Qe7 44. axb6 axb6 45. Ra7 Qf7 46. Be4 Qe7 47. Rb7 Qd8 48.
Raa7 Rxb7 49. cxb7 1-0

[Event "FSS KM Mester"]
[Site "?"]
[Date "2006.03.08"]
[Round "7"]
[White "Nilsen, Roy Tore (FSS)"]
[Black "Lømo, Markus (FSS)"]
[Result "0-1"]
[WhiteElo "1583"]
[BlackElo "1782"]
[PlyCount "46"]

1. d4 d5 2. Nf3 Nf6 3. c4 c6 4. e3 Bf5 5. Nc3 e6 6. Bd3 Bg6 7. cxd5 exd5 8. Ne5
Nbd7 9. Nxg6 hxg6 10. a3 Bd6 11. h3 Qe7 12. Bd2 g5 13. g4 Ne4 14. Bxe4 dxe4 15.
Qb3 Nf6 16. O-O-O O-O-O 17. f4 gxf4 18. exf4 e3 19. Be1 Bxf4 20. Kb1 g5 21. Na4
Qe4+ 22. Ka2 Qxh1 23. Ba5 Qd5 0-1

[Event "FSS KM Mester"]
[Site "?"]
[Date "2006.03.22"]
[Round "8"]
[White "Talat, Hogir (FSS)"]
[Black "Sæther, Lars (FSS"]
[Result "1-0"]
[WhiteElo "1560"]
[BlackElo "1599"]
[PlyCount "123"]

1. e4 b6 2. d4 Bb7 3. Bd3 e6 4. c4 Nc6 5. Nf3 Nb4 6. O-O Nxd3 7. Qxd3 Nf6 8.
Nc3 Be7 9. e5 Ng8 10. d5 Bb4 11. Bg5 f6 12. exf6 gxf6 13. Bh4 Be7 14. Rfe1 e5
15. Qf5 d6 16. Qh5+ Kf8 17. Nd2 Qe8 18. Qf3 Qg6 19. Nde4 Ke8 20. Ng3 Bc8 21.
Nb5 Kd8 22. h3 f5 23. Bxe7+ Nxe7 24. Qh5 a6 25. Nc3 Bd7 26. Qh4 f4 27. Nge4 Rg8
28. g3 Rg7 29. g4 Kc8 30. Qf6 Nf5 31. Qxg6 Rxg6 32. f3 Nd4 33. Rf1 Nc2 34. Rac1
Ne3 35. Rf2 Nxc4 36. b3 Ne3 37. Nd1 Nxd5 38. Rd2 c6 39. Rxd5 Kc7 40. Rd2 Rd8
41. Ndc3 Be8 42. Nd5+ Kb7 43. Ne7 Re6 44. Nf5 Bg6 45. Rxd6 Rexd6 46. Nexd6+ Kc7
47. Nc4 Re8 48. Re1 b5 49. Nxe5 c5 50. Kf2 a5 51. Nxg6 Rxe1 52. Kxe1 hxg6 53.
Ne7 g5 54. Kd2 Kd6 55. Nf5+ Kd5 56. Kd3 a4 57. bxa4 b4 58. a5 c4+ 59. Kc2 Kc5
60. a6 Kb6 61. Nd6 c3 62. Nc4+ 1-0

[Event "FSS KM Mester"]
[Site "?"]
[Date "2006.03.22"]
[Round "8"]
[White "Jensen, Arne-Roger"]
[Black "Nilsen, Kai (FSS)"]
[Result "1-0"]
[WhiteElo "1878"]
[BlackElo "1537"]
[PlyCount "77"]

1. d4 Nf6 2. e3 d5 3. Bd3 e6 4. Nd2 Nbd7 5. f4 c5 6. c3 b6 7. Qf3 Bb7 8. Nh3
Be7 9. O-O Qc7 10. Nf2 Bd6 11. Ng4 O-O-O 12. Ne5 Nf8 13. a4 a6 14. Qe2 a5 15.
b3 Ne8 16. Bb2 f6 17. Nef3 h6 18. dxc5 bxc5 19. Ba6 Nd7 20. b4 c4 21. Bxb7+
Qxb7 22. Nd4 Nc7 23. b5 Nb8 24. e4 Bc5 25. exd5 exd5 26. Qg4+ Nd7 27. N2f3 g5
28. Rad1 h5 29. Qf5 g4 30. Nh4 Qb6 31. Kh1 Bxd4 32. Rxd4 Qe6 33. Qxe6 Nxe6 34.
Rxd5 Nb6 35. Rf5 Nxa4 36. Rxf6 Nxb2 37. Rxe6 Rd7 38. Ra6 Na4 39. Ra8+ 1-0

[Event "FSS KM Mester"]
[Site "?"]
[Date "2006.03.22"]
[Round "8"]
[White "Dogani, Avduraim (FSS)"]
[Black "Bøe, Timmy (FSS)"]
[Result "1-0"]
[WhiteElo "1784"]
[BlackElo "1565"]
[PlyCount "57"]

1. e4 c5 2. Nf3 Nc6 3. d4 cxd4 4. Nxd4 Nf6 5. Nc3 e5 6. Ndb5 d6 7. Nd5 Nxd5 8.
exd5 Nb8 9. Be3 Be7 10. Qd2 a6 11. Nc3 O-O 12. f3 b5 13. a3 f5 14. O-O-O Nd7
15. Kb1 Rb8 16. Na2 a5 17. b3 Nf6 18. g3 Bb7 19. Bg5 Bxd5 20. Bxf6 Bxf3 21.
Bxe7 Qxe7 22. Bg2 Bxd1 23. Rxd1 Rfd8 24. Bd5+ Kh8 25. Qxa5 e4 26. Nb4 e3 27.
Nc6 e2 28. Re1 Qb7 29. Nxb8 1-0

[Event "FSS KM Mester"]
[Site "?"]
[Date "2006.03.22"]
[Round "8"]
[White "Ludvigsen, Jan (FSS)"]
[Black "Nilsen, Roy Tore (FSS)"]
[Result "1-0"]
[WhiteElo "1643"]
[BlackElo "1583"]
[PlyCount "55"]

1. e4 e6 2. d4 d5 3. Nd2 dxe4 4. Nxe4 Nf6 5. Nxf6+ Qxf6 6. Nf3 h6 7. Bd3 Bd6 8.
O-O O-O 9. Re1 Nd7 10. Qe2 Qe7 11. Qe4 Nf6 12. Qh4 Nh7 13. Qe4 Nf6 14. Qe2 b6
15. Ne5 Bb7 16. Qe3 Rfd8 17. Qh3 Kf8 18. Bxh6 gxh6 19. Qxh6+ Ke8 20. Qh8+ Qf8
21. Qxf6 Qg8 22. g3 Bxe5 23. Rxe5 Rd5 24. Rae1 Rad8 25. c3 c5 26. Bb5+ Kf8 27.
Rxe6 Bc8 28. Re8+ 1-0

[Event "FSS KM Mester"]
[Site "?"]
[Date "2006.03.22"]
[Round "8"]
[White "Lømo, Markus (FSS)"]
[Black "Andersen, Harry (FSS)"]
[Result "1-0"]
[WhiteElo "1782"]
[BlackElo "1774"]
[PlyCount "59"]

1. e4 e5 2. Nf3 Nc6 3. Bc4 Nf6 4. d3 h6 5. c3 a6 6. Bb3 d5 7. exd5 Nxd5 8. O-O
Bg4 9. Re1 Be7 10. h3 Bxf3 11. Qxf3 Nf6 12. Nd2 Qd7 13. Nc4 O-O-O 14. Nxe5 Nxe5
15. Rxe5 Bd6 16. Re2 Rhf8 17. d4 Ne8 18. a4 g5 19. Bc4 Kb8 20. b4 f5 21. Qd3
Ng7 22. a5 f4 23. b5 f3 24. Rb2 axb5 25. Bxb5 Qf5 26. Qxf5 Nxf5 27. Bc6 Ka7 28.
Rxb7+ Ka6 29. Rab1 fxg2 30. Bxg2 1-0

[Event "FSS KM Mester"]
[Site "?"]
[Date "2006.03.22"]
[Round "8"]
[White "Jansson, Helge (FSS)"]
[Black "Sæther, Steinar (FSS)"]
[Result "1/2-1/2"]
[WhiteElo "1360"]
[BlackElo "1636"]
[PlyCount "66"]

1. d4 e6 2. e4 d5 3. Nd2 Nf6 4. e5 Nfd7 5. Ne2 c5 6. c3 Nc6 7. Nf3 Qb6 8. g3
Be7 9. Bg2 O-O 10. O-O f6 11. Bh3 Nd8 12. a3 fxe5 13. Nxe5 Nxe5 14. dxe5 Qc7
15. f4 b5 16. b4 Nc6 17. Be3 d4 18. cxd4 cxb4 19. d5 exd5 20. Qxd5+ Kh8 21.
Bxc8 Rfxc8 22. axb4 a6 23. Rfc1 Nxb4 24. Rxc7 Nxd5 25. Rxc8+ Rxc8 26. Kf2 Ra8
27. Nd4 Kg8 28. Nxb5 a5 29. Nd6 a4 30. Ke2 Nxe3 31. Kxe3 Bxd6 32. exd6 Kf7 33.
Kd4 Ke6 1/2-1/2

[Event "FSS KM Mester"]
[Site "?"]
[Date "2006.03.29"]
[Round "9"]
[White "Andersen, Harry (FSS)"]
[Black "Ludvigsen, Jan (FSS)"]
[Result "1-0"]
[WhiteElo "1774"]
[BlackElo "1643"]
[PlyCount "37"]

1. e4 e5 2. f4 exf4 3. Nf3 h6 4. Bc4 d6 5. O-O g5 6. d4 Bg7 7. c3 Nc6 8. h4 g4
9. Nh2 f3 10. g3 Nge7 11. Nxf3 gxf3 12. Qxf3 O-O 13. Bxf7+ Kh7 14. Qh5 Qd7 15.
Rf6 Ng8 16. Bxh6 Qg4 17. Bg6+ Kh8 18. Bxg7+ Kxg7 19. Rf7+ 1-0

[Event "FSS KM Mester"]
[Site "?"]
[Date "2006.03.29"]
[Round "9"]
[White "Sæther, Lars (FSS)"]
[Black "Larsen, Bjørn (FSS)"]
[Result "1/2-1/2"]
[WhiteElo "1599"]
[BlackElo "1528"]
[PlyCount "51"]

1. d4 d5 2. Nf3 Nf6 3. c4 c6 4. e3 Bg4 5. h3 Bh5 6. Be2 e6 7. O-O Bd6 8. Nbd2
O-O 9. Qc2 Nbd7 10. b3 Rc8 11. c5 Bb8 12. Bb2 Qc7 13. Rfe1 Bg6 14. Bd3 Bxd3 15.
Qxd3 h6 16. e4 dxe4 17. Nxe4 Nxe4 18. Qxe4 Qf4 19. Qd3 Rcd8 20. Bc1 Qf6 21. Qe4
Rfe8 22. Ne5 Nxe5 23. dxe5 Qf5 24. Qxf5 exf5 25. f4 Rd5 26. b4 1/2-1/2

[Event "FSS KM Mester"]
[Site "?"]
[Date "2006.03.29"]
[Round "9"]
[White "Nilsen, Kai (FSS)"]
[Black "Jansson, Helge (FSS)"]
[Result "1-0"]
[WhiteElo "1537"]
[BlackElo "1360"]
[PlyCount "35"]

1. e4 c6 2. d4 d5 3. e5 Bf5 4. Nc3 e6 5. g4 Bg6 6. Nge2 Nd7 7. h4 Be4 8. Nxe4
dxe4 9. Ng3 Qc7 10. Nxe4 O-O-O 11. Qf3 f6 12. Bf4 Qb6 13. O-O-O Qa5 14. Bc4 Re8
15. Qb3 g5 16. hxg5 fxg5 17. Bxg5 Nb6 18. Bxe6+ 1-0

[Event "FSS KM Mester"]
[Site "?"]
[Date "2006.03.29"]
[Round "9"]
[White "Bøe, Timmy (FSS)"]
[Black "Talat, Hogir (FSS)"]
[Result "1-0"]
[WhiteElo "1565"]
[BlackElo "1560"]
[PlyCount "51"]

1. e4 c6 2. d4 d5 3. Nc3 dxe4 4. Nxe4 Bf5 5. Ng3 Bg6 6. Bc4 Nf6 7. N1e2 Nbd7 8.
Nf4 e6 9. Nxg6 hxg6 10. Be3 Nb6 11. Bb3 Bd6 12. Qf3 Qc7 13. O-O-O O-O-O 14. c4
c5 15. Kb1 Kb8 16. Rhe1 Ka8 17. dxc5 Bxc5 18. Rxd8+ Rxd8 19. Rc1 Nbd7 20. h3
Bxe3 21. Qxe3 Nc5 22. Rd1 Rxd1+ 23. Bxd1 Qd6 24. Be2 a6 25. b4 Qb6 26. Qxc5 1-0

[Event "FSS KM Mester"]
[Site "?"]
[Date "2006.03.29"]
[Round "9"]
[White "Sæther, Steinar (FSS)"]
[Black "Lømo, Markus (FSS)"]
[Result "0-1"]
[WhiteElo "1636"]
[BlackElo "1782"]
[PlyCount "122"]

1. e4 c5 2. Nc3 Nc6 3. f4 g6 4. Bc4 Bg7 5. Nf3 d6 6. O-O e6 7. Qe2 Nge7 8. d3
O-O 9. Bd2 a6 10. a4 d5 11. Ba2 Nb4 12. Be1 d4 13. Nd1 Nxa2 14. Rxa2 Nc6 15. c3
Bd7 16. cxd4 cxd4 17. b4 b5 18. axb5 axb5 19. Rxa8 Qxa8 20. Qb2 Qa4 21. Bd2 Ra8
22. Nf2 Qa3 23. Qxa3 Rxa3 24. Rb1 f6 25. Kf1 Bf8 26. Ke2 e5 27. fxe5 fxe5 28.
h3 Ra2 29. Kd1 h5 30. Ne1 Nxb4 31. Bxb4 Rxf2 32. Bxf8 Rxf8 33. Ke2 Kf7 34. Nf3
Kf6 35. Ra1 Rc8 36. Kd2 g5 37. Ra7 Be8 38. Ra6+ Rc6 39. Ra8 Re6 40. Rc8 g4 41.
hxg4 hxg4 42. Nh4 Bd7 43. Rb8 Ra6 44. g3 Ke7 45. Rg8 Ra2+ 46. Kd1 b4 47. Rg5
Kd6 48. Ng6 Ra5 49. Kc2 Be6 50. Nf8 b3+ 51. Kb1 Bc8 52. Kb2 Ba6 53. Kxb3 Bxd3
54. Rxg4 Rb5+ 55. Ka3 Kc5 56. Ng6 Kd6 57. Nh4 Bc2 58. Nf5+ Kc5 59. Rh4 Rb6 60.
Nh6 Kc4 61. Nf7 Kc3 0-1

[Event "FSS KM Mester"]
[Site "?"]
[Date "2006.03.29"]
[Round "9"]
[White "Nilsen, Roy Tore (FSS)"]
[Black "Dogani, Avduraim (FSS)"]
[Result "0-1"]
[WhiteElo "1583"]
[BlackElo "1784"]
[PlyCount "78"]

1. d4 d5 2. c4 e6 3. Nc3 Nf6 4. Bg5 Be7 5. e3 O-O 6. Nf3 Nbd7 7. Bd3 b6 8. cxd5
Nxd5 9. Bxe7 Nxe7 10. Rc1 Bb7 11. O-O Nf6 12. Qe2 Ng6 13. Ba6 Qc8 14. Bxb7 Qxb7
15. Rc2 Rac8 16. Rfc1 c5 17. dxc5 Rxc5 18. b4 Rh5 19. b5 h6 20. a4 Rc8 21. Nd4
Rcc5 22. Na2 Qc7 23. h3 Rhg5 24. Rxc5 Rxc5 25. Rxc5 Qxc5 26. Qc2 Qg5 27. Nf3
Qd5 28. Nb4 Qd6 29. Nc6 e5 30. Nxa7 e4 31. Nd4 Qb4 32. Nac6 Qe1+ 33. Kh2 h5 34.
Nb3 h4 35. Qd2 Qf1 36. Nbd4 Ng4+ 37. hxg4 h3 38. gxh3 Nh4 39. Kg3 g5 0-1

[Event "FSS KM Mester"]
[Site "?"]
[Date "2006.04.05"]
[Round "10"]
[White "Jansson, Helge (FSS)"]
[Black "Bjørnland, Svein Arne (FSS)"]
[Result "0-1"]
[WhiteElo "1360"]
[BlackElo "1830"]
[PlyCount "56"]

1. d4 Nf6 2. Nf3 e6 3. e3 b6 4. Bd3 Bb7 5. O-O c5 6. b3 Qc7 7. Bb2 d6 8. Nbd2
Nbd7 9. c4 Be7 10. Qc2 h6 11. Rfe1 O-O 12. Rad1 Rac8 13. e4 cxd4 14. Nxd4 Rfd8
15. N2f3 a6 16. Qe2 Bf8 17. e5 dxe5 18. Nxe5 Nxe5 19. Qxe5 Bd6 20. Qe2 Bxh2+
21. Kf1 Bd6 22. Nf3 Bb4 23. Bxf6 gxf6 24. Nh4 Bxe1 25. Qg4+ Kf8 26. Ng6+ fxg6
27. Qxe6 Qc6 28. Qh3 Qxg2+ 0-1

[Event "FSS KM Mester"]
[Site "?"]
[Date "2006.04.05"]
[Round "10"]
[White "Lømo, Markus (FSS)"]
[Black "Nilsen, Kai (FSS)"]
[Result "1-0"]
[WhiteElo "1782"]
[BlackElo "1537"]
[PlyCount "69"]

1. e4 e5 2. Nf3 Nc6 3. Bc4 Be7 4. c3 Nf6 5. d3 d6 6. Nbd2 O-O 7. Bb3 Bg4 8. h3
Bh5 9. Nc4 d5 10. exd5 Bxf3 11. Qxf3 Nxd5 12. O-O Kh8 13. Ba4 Bf6 14. Bxc6 bxc6
15. Re1 Re8 16. Re4 Re6 17. h4 Bxh4 18. Nxe5 Qe7 19. Nxc6 Qf6 20. Nd4 Rxe4 21.
dxe4 Ne7 22. e5 Qxf3 23. Nxf3 Ng6 24. Be3 Rd8 25. Bxa7 Rd5 26. c4 Ra5 27. Bd4
Be7 28. Bc3 Ra6 29. a4 Nf4 30. Kf1 Rg6 31. g3 Nd3 32. Ke2 Nc5 33. b4 Nb7 34. a5
f6 35. a6 1-0

[Event "FSS KM Mester"]
[Site "?"]
[Date "2006.04.05"]
[Round "10"]
[White "Talat, Hogir (FSS)"]
[Black "Larsen, Bjørn (FSS)"]
[Result "1-0"]
[WhiteElo "1560"]
[BlackElo "1528"]
[PlyCount "79"]

1. e4 c6 2. d4 d5 3. exd5 cxd5 4. Nf3 Bg4 5. h3 Bxf3 6. Qxf3 e6 7. c4 Bb4+ 8.
Nc3 Qf6 9. Qxf6 Nxf6 10. a3 Bxc3+ 11. bxc3 dxc4 12. Bxc4 Nbd7 13. Bd3 Rc8 14.
Bd2 O-O 15. O-O Rfd8 16. Rab1 Rc7 17. Rfc1 Rdc8 18. c4 b6 19. Bf4 Rc6 20. g4 h6
21. a4 Kf8 22. Kg2 Ke7 23. a5 Kd8 24. c5 Nd5 25. Bd6 Rxd6 26. cxd6 Nf4+ 27. Kf3
Nxd3 28. Rxc8+ Kxc8 29. Rb3 Ne1+ 30. Ke2 Ng2 31. Rc3+ Kd8 32. Rc7 Nf4+ 33. Kd2
Nd5 34. Rxa7 Kc8 35. a6 f6 36. Rxd7 Kb8 37. Rb7+ Kc8 38. d7+ Kd8 39. a7 Nc7 40.
Rxc7 1-0

[Event "FSS KM Mester"]
[Site "?"]
[Date "2006.04.05"]
[Round "10"]
[White "Bøe, Timmy (FSS)"]
[Black "Nilsen, Roy Tore (FSS)"]
[Result "0-1"]
[WhiteElo "1565"]
[BlackElo "1583"]
[PlyCount "88"]

1. e4 e6 2. d4 d5 3. Nc3 Nf6 4. Bg5 Bb4 5. e5 h6 6. Bd2 Bxc3 7. Bxc3 Ne4 8. Bb4
c5 9. dxc5 Nxf2 10. Kxf2 Qh4+ 11. g3 Qxb4 12. Nf3 Qxc5+ 13. Kg2 Nc6 14. Bd3 b6
15. c3 Bb7 16. b4 Qe7 17. Qe2 O-O 18. b5 Nb8 19. Nd4 Nd7 20. Rhe1 Rac8 21. Rac1
Rc7 22. Rc2 Rfc8 23. Rec1 Qg5 24. Nf3 Qe7 25. Nd4 Nc5 26. Kg1 Ne4 27. Bxe4 dxe4
28. Qe3 Rc5 29. Qf4 Qc7 30. Rf2 Rd8 31. Rcf1 Rd7 32. Nxe6 fxe6 33. Qf8+ Kh7 34.
Rf7 Rxf7 35. Rxf7 Qxe5 36. Rxb7 Rxc3 37. Qf7 Rc2 38. Rd7 Qc5+ 39. Kh1 Qc3 40.
Rd1 Qb2 41. Qh5 e3 42. g4 e2 43. Re1 Rc1 44. Qh4 Qd2 0-1